000 01460nam0a22002651 4500
001 rc\3057135
005 20250806202453.0
035 _a(NLR Aleph) 007196152
090 _a48426
_c48426
100 _a20111011d1944 u y0rusy50 ca
101 0 _arus
102 _aRU
105 _ay z |||||
200 1 _aЕдиные нормы времени на монтаж и демонтаж бурового и паросилового оборудования и двигателей внутреннего сгорания
_eОбязательны для применения во всех нефтетрестах Наркомнефти
_f[Перераб. и подгот. к переизд. Норматив.-исслед. группой Азнефтекомбината]
_gНаркомнефть СССР. Гл. упр. по учету и распределению рабочих кадров. Центр. норматив.-исслед. группа
210 _aБаку
_cАзнефтеиздат
_d1944
_gтип. "Кр. Восток"
215 _a233 с., включ. 1 с. обл.
_d19 см
300 _aБез тит. л.
710 0 1 _aСССР
_bНародный комиссариат нефтяной промышленности
801 0 _aRU
_bNLR
_gpsbo
801 1 _aRU
_bELAR
_2rusmarc
852 _aNLR
_jТ26 Г-3/24
942 _cBOOK
945 _aРоссийская национальная библиотека
980 _aNB
980 _aBV